000 01201nas a2200361 4500
001 BR2011004572
003 BR-BrBNA
005 20231205115535.0
007 ta
008 230509b bl.|||p| |||| 00| 00por d
040 _aBR-BrBNA
_bpor
_cBiblioteca Nacional de Agricultura
041 _a(Pt)
072 _aF30
100 1 _aAlmeida, C.M.V.C. de
100 1 _aMüller, M.W.
100 1 _aCôrrea, F.L. de O.
100 1 _aCidin, A.C.M.
100 1 _aAlmeida, L.C. de
100 1 _aCella, R.M.
245 1 _aVariedade híbrida de cacaueiros em intercultivo com coqueiros da variedade anã: comportamento agronômico e seleção de clones
246 1 _aHybrid varieties of cacao trees in intercropping with dwarf coconut trees: Agronomic performance and selection of clones
650 _aCACAU
650 _aTHEOBROMA CACAO
650 _aCÔCO
650 _aHÍBRIDO
650 _aMÉTODO DE MELHORAMENTO
650 _aCLONAGEM
650 _aRENDIMENTO
773 0 _tAgrotrópica (Brazil)
_xISSN 0103-3816
_g(May-Aug 2010), v. 22(2) p. 99-106
_wBR2011004572
856 4 0 _dLink DSPACE/MAPA BR2011004572
909 _a202311
_bLúcia
_c55
_dLúcia Elande
942 _2AGRIS
_n0
_cANA
999 _c214330
_d214330